| 000 | 00637nam a2200205 a 4500 | ||
|---|---|---|---|
| 005 | 20140310183553.0 | ||
| 008 | 111018s19uu xx 00 eng d | ||
| 020 | _a978184860 | ||
| 050 |
_aLB 1575.8 _b.H56 2009 |
||
| 100 | _aHood, Philip | ||
| 245 |
_aModern languages in the primary school / _cPhilip Hood and Kristina Tobutt. |
||
| 260 |
_aLos Angeles : _bSAGE, _c2009. |
||
| 300 |
_a225 p. : _bill. ; _c24 cm. |
||
| 521 | _aEDU | ||
| 650 |
_aLanguage, modern _xStudy and teaching _xGreat Britain |
||
| 650 |
_aLanguage and languages _xStudy and teaching |
||
| 700 | _aTobutt, Kristina | ||
| 942 |
_cBK _2lcc _kFOR |
||
| 999 |
_c24990 _d24990 |
||